Quantifying Asia (Record no. 121449)
[ view plain ]
| 000 -LEADER | |
|---|---|
| fixed length control field | 00816nam a22002297a 4500 |
| 008 - FIXED-LENGTH DATA ELEMENTS--GENERAL INFORMATION | |
| fixed length control field | 230404s2014 -hkao|||r|||| 00| 0 eng d |
| 020 ## - INTERNATIONAL STANDARD BOOK NUMBER | |
| ISBN | 9789881367808 |
| 041 ## - LANGUAGE CODE | |
| Language code of text/sound track or separate title | eng |
| 100 ## - MAIN ENTRY--PERSONAL NAME | |
| Personal author | Peacock, John |
| 110 ## - MAIN ENTRY--CORPORATE NAME | |
| Corporate author | Langdon & Seah |
| 245 ## - TITLE STATEMENT | |
| Title | Quantifying Asia |
| Subtitle | : a history of Langdon & Seah |
| 260 ## - PUBLICATION INFORMATION | |
| Place of publication | Hong Kong, |
| Publisher | Langdon & Sean, |
| Date | 2014 |
| 300 ## - PHYSICAL DESCRIPTION | |
| Physical description | 198p. |
| 500 ## - GENERAL NOTE | |
| General note | Donated by RICS member Bill Jones |
| 500 ## - GENERAL NOTE | |
| General note | Foreword by Seah Choo Meng. Compiled by John Peacock. |
| 520 ## - ABSTRACT | |
| Abstract | Chronicles the journey taken by the founders of Langdon & Seah as it went from a solictary office in Singapore in 1933 to over 40 offices in 12 countries across Asia in 2014. |
| 650 ## - KEYWORDS | |
| Keywords | SURVEYING FIRMS |
| 651 ## - SUBJECT ADDED ENTRY--GEOGRAPHIC NAME | |
| Geographic name | Asia |
| 700 ## - ADDED PERSONAL NAME | |
| Added personal author | Peacock, John |
| 710 ## - ADDED CORPORATE NAME | |
| Added corporate author | Langdon & Seah |
| 942 ## - ADDED ENTRY ELEMENTS (KOHA) | |
| Suppress in OPAC | Do not suppress in OPAC |
| Lost status | Damaged status | Not for loan | Home library | Current library | Shelving location | Date acquired | Source of acquisition | Total Checkouts | Full call number | Date last seen | Price effective from | Koha item type |
|---|---|---|---|---|---|---|---|---|---|---|---|---|
| London | London | Surveying Profession history | 04/04/2023 | Donated | SURVEYING PROFESSION | 04/04/2023 | 04/04/2023 | Book |